Normal view
MARC view
Entry Personal Name
001 - CONTROL NUMBER
- control field: 167616
003 - CONTROL NUMBER IDENTIFIER
- control field: OSt
005 - DATE AND TIME OF LATEST TRANSACTION
- control field: 20220923223836.0
008 - FIXED-LENGTH DATA ELEMENTS
- fixed length control field: 220923|| aca||aabn | a|a d
040 ## - CATALOGING SOURCE
- Original cataloging agency: OSt
- Transcribing agency: OSt
100 ## - HEADING--PERSONAL NAME
- Personal name: ਹੁਜਵੀਰੀ, ਹਗ਼ਰਤ Fੇਖ ਮਖ਼ਦੂਮ ਅਲੀ
670 ## - SOURCE DATA FOUND
- Source citation: Work cat.: (OSt)367658: ਹੁਜਵੀਰੀ, ਹਗ਼ਰਤ Fੇਖ ਮਖ਼ਦੂਮ ਅਲੀ, ਕFਫ਼ੁਲ ਮਹਿਜੂਬ, 1989
